|
|
|
|
| LEADER |
00000nab a2200000 a 4500 |
| 001 |
vtls011132134 |
| 003 |
SK-MaSNL |
| 005 |
20260303150929.0 |
| 008 |
230222|1998 xo |||||||||||||||||slo| |
| 015 |
|
|
|a SNBRB
|
| 035 |
|
|
|a (uuid)4a5d0cd9-b39c-4cce-9531-5f03ae375ba2
|
| 035 |
|
|
|a (urnnbn)urn:nbn:sk:snk:ar-a09map
|
| 035 |
|
|
|a urn:nbn:sk:snk-aba9yt
|
| 040 |
|
|
|a SNKBUCL
|b slo
|c SNKBUCL
|e AACR2
|
| 041 |
0 |
|
|a slo
|
| 044 |
|
|
|a xo
|c SK
|
| 100 |
1 |
|
|a Štulrajter, Jozef
|4 aut
|9 12238
|
| 245 |
1 |
0 |
|a SUBPÁSMOVÉ KODÉRY NA BÁZE BÁNK FILTROV IIR
|c Jozef Štulrajter, Dušan Repčík, Ján Chmúrny
|
| 700 |
1 |
|
|a Repčík, Dušan,
|d 1950-
|4 aut
|9 205460
|
| 700 |
1 |
|
|a Chmúrny, Ján,
|d 1923-2009
|4 aut
|9 13779
|
| 773 |
0 |
|
|t Zborník Vojenskej akadémie Slovenského národného povstania
|g Roč. 5, č. 1 (1998), s. 57-65
|
| 954 |
|
|
|a odborná, vedecká literatúra pôvodná (slovenská)
|2 lita
|
| 958 |
|
|
|a OND
|
| 958 |
|
|
|a EUIPO
|
| 958 |
|
|
|a article13
|
| 999 |
|
|
|c 2014607
|d 2016537
|